|
|
|
|
| LEADER |
01016nam a2200241 a 4500 |
| 001 |
00020710 |
| 008 |
100714r2009 ii a b 000 0 eng d |
| 020 |
|
|
|a 8177226959
|
| 020 |
|
|
|a 9788177226959
|
| 040 |
|
|
|a BD-DhAAL
|c BD-DhAAL
|d BD-DhAAL
|
| 082 |
0 |
0 |
|a 658.8
|2 22
|
| 100 |
1 |
|
|a Pandey,Mukesh.
|
| 245 |
1 |
0 |
|a Contemporary Indian cases in marketing /
|c Mukesh Pandey
|
| 250 |
|
|
|a [Indian text ed.].
|
| 260 |
|
|
|a New Delhi :
|b Biztantra,
|c 2009 [Reprinted]
|
| 300 |
|
|
|a xiii,345 p. :
|b ill. ;
|c 27cm.
|
| 504 |
|
|
|a Includes Bibliographical References.
|
| 541 |
1 |
|
|e 00020710
|
| 650 |
|
0 |
|a Marketing
|v Case studies.
|
| 852 |
4 |
|
|a Ayesha Abed Library
|j General shelf
|
| 999 |
|
|
|c 9347
|d 9347
|
| 952 |
|
|
|0 0
|1 0
|2 ddc
|4 0
|6 658_800000000000000_PAN_2009
|7 0
|9 12079
|a BRACUL
|b BRACUL
|c GEN
|d 2010-09-26
|l 5
|m 44
|o 658.8 PAN
|p 3010020710
|r 2019-04-03
|s 2018-05-27
|t 1
|w 2010-09-26
|y BK
|
| 952 |
|
|
|0 0
|1 0
|2 ddc
|4 0
|6 658_800000000000000_PAN_2009
|7 0
|9 18036
|a BRACUL
|b BRACUL
|c GEN
|d 2011-09-18
|l 4
|m 7
|o 658.8 PAN
|p 3010020711
|r 2026-01-27
|s 2026-01-15
|t 2
|w 2011-09-18
|y BK
|